00588nam a2200145 a 450000500170000000800410001702000180005805000230007610000230009924500640012226000350018630000090022152001990023065000130042920140412111428.0090225s19uu xx 00 eng d a0-590-13520-1 aTR(PS EbFi44 1991 aChristelow, Eileen aFive Little Monkeys sitting in a tree /cEileen Christelow. aNew York :bScholastic,c1991. a32p. aWhile mama takes a nap, five little monkeys tease mr. crocodile. "can't catch me" they shout, and Mr. Crocodile opens his big mouth: SNAP! Oh no, now there are only four monkeys- or so it seems. aCounting